00433 a2200157 4500003000400000005001700004008004100021020001800062040000900080082002000089100002300109245008700132250001200219260003000231300001400261OSt20230826115256.0230826b |||||||| |||| 00| 0 eng d a9789352861873 coclc a332.1068bSUR/M aSuresh, Padmalatha aMANAGEMENT OF BANKING AND FINANCIAL SERVICES / cPadmalatha Suresh, Justin Paul. a4th ed. aChennai:bPearson,c2022. a737 pages